ბათუმის შოთა რუსთაველის სახელმწიფო უნივერსიტეტის ბიბლიოთეკა

Введение в геометрию тканей. (ბიბ.ჩანაწერი № 38705)

000 -LEADER
fixed length control field 00601nam a2200205Ia 4500
001 - CONTROL NUMBER
control field 4969
003 - CONTROL NUMBER IDENTIFIER
control field GE_BSU
008 - FIXED-LENGTH DATA ELEMENTS--GENERAL INFORMATION
fixed length control field 181216s||||||||xx |||||||||||||| ||und||
040 ## - CATALOGING SOURCE
Transcribing agency GE_BSU
080 ## - UNIVERSAL DECIMAL CLASSIFICATION NUMBER
Universal Decimal Classification number 517.77
100 ## - MAIN ENTRY--PERSONAL NAME
Personal name Бляшке, В.
245 ## - TITLE STATEMENT
Title Введение в геометрию тканей.
245 ## - TITLE STATEMENT
Statement of responsibility, etc. Под ред. И.М. Яглома. Пер.с немецкого М.А. Акивиса.
260 ## - PUBLICATION, DISTRIBUTION, ETC.
Place of publication, distribution, etc. Москва
260 ## - PUBLICATION, DISTRIBUTION, ETC.
Name of publisher, distributor, etc. Госиздат
260 ## - PUBLICATION, DISTRIBUTION, ETC.
Date of publication, distribution, etc. 1959
300 ## - PHYSICAL DESCRIPTION
Extent 143 с. 20 см.
653 ## - INDEX TERM--UNCONTROLLED
Uncontrolled term Введение в геометрию тканей.
942 ## - ADDED ENTRY ELEMENTS (KOHA)
Koha item type წიგნი
ეგზემპლარები
Withdrawn status Lost status Damaged status Not for loan Date acquired Barcode Date last seen Price effective from Koha item type Public note
        2018-12-17 15940 2018-12-17 2018-12-17 წიგნი დარბაზი